000 00753cam a22002413a 4500
001 6787
003 PGUSA
005 20140828083137.0
008 041001s2004||||xxu|||||s|||||000 | eng d
040 _aPGUSA
_beng
042 _adc
050 4 _aPT
100 1 _aSchiller, Friedrich,
_d1759-1805
245 1 4 _aThe Death of Wallenstein
_h[electronic resource] /
_cFriedrich Schiller
260 _bProject Gutenberg,
_c2004
506 _aPublic domain in the USA.
516 _aElectronic text
653 _aWallenstein, Albrecht Wenzel Eusebius von, Herzog von Friedland, 1583-1634 -- Drama
700 1 _aColeridge, Samuel Taylor,
_d1772-1834
830 0 _aProject Gutenberg
_v6787
856 4 0 _uhttp://www.gutenberg.org/ebooks/6787
942 _cEB
999 _c236107
_d236107